Dynamics of vegetative growth of Hevea brasiliensis in determining tapping norms (Record no. 57497)
[ view plain ]
| 000 -LEADER | |
|---|---|
| fixed length control field | 01292nam a2200205Ia 4500 |
| 100 ## - MAIN ENTRY--AUTHOR NAME | |
| Personal name | Obouayeba S |
| 245 #0 - TITLE STATEMENT | |
| Title | Dynamics of vegetative growth of Hevea brasiliensis in determining tapping norms |
| 260 ## - PUBLICATION, DISTRIBUTION, ETC. (IMPRINT) | |
| Name of publisher | Journal of Rubber Research |
| Year of publication | 2000 |
| 300 ## - PHYSICAL DESCRIPTION | |
| Number of Pages | 53-62 |
| 520 ## - SUMMARY, ETC. | |
| Summary, etc | A study to determine norms for the tapping of Hevea brasiliensis was carried out in Cote dIvoire. This was aimed at defining age and minimum girth for the panel opening of Hevea which takes into account the notion of physiological maturity. The modelled vegetative growth curve is a sigmoid with a change in the gradient at the third pahse which is a plausible solution to the problems of this study. Analysis of growth dynamics shows that this point hardly varies, irrespective of the growth class of the clone, and takes place at the sixth year after planting. In addition, several observations on the growth of Hevea under different conditions support the proposal of a minimum tapping girth linked with the growth class, thus combining the notion of age and size. |
| 650 ## - SUBJECT ADDED ENTRY--TOPICAL TERM | |
| Topical Term | Tapping norms |
| 650 ## - SUBJECT ADDED ENTRY--TOPICAL TERM | |
| Topical Term | Vegetative growth |
| 700 ## - ADDED ENTRY--PERSONAL NAME | |
| Personal name | Boa D |
| 700 ## - ADDED ENTRY--PERSONAL NAME | |
| Personal name | Dian K |
| 700 ## - ADDED ENTRY--PERSONAL NAME | |
| Personal name | Gohet E |
| 700 ## - ADDED ENTRY--PERSONAL NAME | |
| Personal name | Keli Z J |
| 700 ## - ADDED ENTRY--PERSONAL NAME | |
| Personal name | Ouattara N |
| 942 ## - ADDED ENTRY ELEMENTS (KOHA) | |
| Koha item type | Journals |
| Withdrawn status | Lost status | Damaged status | Not for loan | Home library | Current library | Shelving location | Date acquired | Serial Enumeration / chronology | Koha item type |
|---|---|---|---|---|---|---|---|---|---|
| Journals | RRII Library | RRII Library | Physiology | 17/12/2021 | Volume 3, Issue 1 | Journals |